Ingredients in a Big Mac Quiz Stats

 Plays Quiz Updated Aug 30, 2017

Challenge
Share
Tweet
Score 0/8 Timer 01:00
5 Plays Today
% Correct
Cheese
97.3%
Two All Beef Patties
96.6%
Lettuce
96.4%
Sesame Seed Bun
94.2%
Pickles
93.6%
Onions
92.8%
Two All Beef Patties
92.6%
Special Sauce
86.7%

You're not logged in!

Compare scores with friends on all Sporcle quizzes.
OR
Log In

You Might Also Like...

Show Comments

Extras

Top Quizzes Today


Score Distribution

Your Account Isn't Verified!

In order to create a playlist on Sporcle, you need to verify the email address you used during registration. Go to your Sporcle Settings to finish the process.

Report this User

Report this user for behavior that violates our Community Guidelines.

Details: